000 00285nam a22001337a 4500
008 170814b xxu||||| |||| 00| 0 eng d
020 _a0716727064
041 _aeng
080 _a51
100 _a36
101 _aMAT
245 _aCALCULUS IN CONTEXT
_cCALLAHAN,J
942 _2udc
_cBK
999 _c23371
_d23371